000 00668nam a2200229Ia 4500
003 OSt
005 20221007074050.0
006 a|||||r|||| 00| 0
007 ta
008 221006b |||||||| |||| 00| 0 eng d
024 _a22,366
037 _cTextual
040 _aFLL
_cFLL
_beng
041 _2eng
_aeng
082 _aZ2:3, K1
100 _aKulshreshtha Visheshwar Dayal
_9685878
245 0 _aIndian contract act with sale of goods act and partnership act
260 _aLucknow
_bEastern Book Copmpany India
_c1961
300 _axlvii,182p
_ccm.
942 _hZ2:3, K1
_cTEXL
_2CC
999 _c1151016
_d1151016